[Event "Goiania-ch"]
[Site "Goiania"]
[Date "2001.12.08"]
[Round "1.1"]
[White "Oliveira, Tiago Batista"]
[Black "Damasceno, Eduardo"]
[Result "1-0"]
[WhiteElo "2037"]
[BlackElo "1843"]
[PlyCount "71"]
[EventDate "2001.12.08"]
[EventType "k.o."]
[EventRounds "3"]
[EventCountry "BRA"]
[SourceTitle "EXT 2003"]
[Source "ChessBase"]
[SourceDate "2002.11.25"]
[SourceVersion "1"]
[SourceVersionDate "2002.11.25"]
[SourceQuality "1"]

1. e4 d6 2. d4 Nf6 3. Nf3 g6 4. Nc3 Bg7 5. Be2 0-0 6. 0-0 Bg4 7. Be3 c6 8. a4 Nbd7 9. h3 Bxf3 10. Bxf3 e5 11. d5 Qc7 12. a5 a6 13. Qd2 c5 14. Na4 Rfc8 15. Rfb1 b5 16. axb6 Nxb6 17. Nxb6 Qxb6 18. b4 Rab8 19. Rb3 Qc7 20. bxc5 Nxe4 21. Bxe4 f5 22. cxd6 Qxd6 23. Bf3 Rxb3 24. cxb3 e4 25. Bf4 Qb6 26. Rc1 Rxc1+ 27. Qxc1 exf3 28. Qc8+ Kf7 29. Qd7+ Kg8 30. Qe8+ Bf8 31. d6 Qxb3 32. d7 Qd1+ 33. Kh2 fxg2 34. Kxg2 Qd5+ 35. Kh2 Qd4 36. Qe6+ 1-0